000 00561nam a2200193Ia 4500
003 GCL
008 140319s9999 xx 000 0 ara d
040 _aGCL /
_cGCL
082 0 4 _a229.5
_bم ق
100 1 _aمحمد سيد طنطاوى
245 1 0 _aالقصة فى القران الكريم /
_cمحمد سيد طنطاوى
300 _a1128 ص
490 _a100 قصة
_v0
650 0 4 _aالاسلام
650 0 4 _aقصص الانبياء
650 0 4 _aالانبياء فى القرأن
650 0 4 _aالقصص القرآنية
942 _2ddc
_cBK
999 _c45922
_d45922